<?xml version="1.0" encoding="UTF-8"?>
<record
    xmlns:xsi="http://www.w3.org/2001/XMLSchema-instance"
    xsi:schemaLocation="http://www.loc.gov/MARC21/slim http://www.loc.gov/standards/marcxml/schema/MARC21slim.xsd"
    xmlns="http://www.loc.gov/MARC21/slim">

  <leader>00668nam a2200217Ia 4500</leader>
  <controlfield tag="003">IN-BaIIA</controlfield>
  <controlfield tag="008">211028s9999    xx            000 0 eng d</controlfield>
  <datafield tag="020" ind1=" " ind2=" ">
    <subfield code="a">0-7923-6210-1</subfield>
  </datafield>
  <datafield tag="040" ind1=" " ind2=" ">
    <subfield code="c">IIA Library</subfield>
  </datafield>
  <datafield tag="080" ind1=" " ind2=" ">
    <subfield code="a">52(082.1)</subfield>
    <subfield code="b">ASS-244</subfield>
  </datafield>
  <datafield tag="245" ind1=" " ind2="4">
    <subfield code="a">The Universe</subfield>
    <subfield code="b">visions and perspectives</subfield>
    <subfield code="c">edited by Naresh  Dadhich and Ajit Kembhavi</subfield>
  </datafield>
  <datafield tag="260" ind1=" " ind2=" ">
    <subfield code="a">Dordrecht</subfield>
    <subfield code="b">Kluwer Academic</subfield>
    <subfield code="c">2000</subfield>
  </datafield>
  <datafield tag="300" ind1=" " ind2=" ">
    <subfield code="a">xi, 343p.</subfield>
  </datafield>
  <datafield tag="490" ind1=" " ind2=" ">
    <subfield code="a">Astrophysics and space science library; v. 244</subfield>
  </datafield>
  <datafield tag="650" ind1=" " ind2=" ">
    <subfield code="a">Cosmology</subfield>
  </datafield>
  <datafield tag="650" ind1=" " ind2=" ">
    <subfield code="a">Infrared galaxies</subfield>
    <subfield code="9">26043</subfield>
  </datafield>
  <datafield tag="650" ind1=" " ind2=" ">
    <subfield code="a">Quantum mechanics</subfield>
  </datafield>
  <datafield tag="700" ind1=" " ind2=" ">
    <subfield code="a">Dadhich, Naresh, ed.</subfield>
    <subfield code="9">26044</subfield>
  </datafield>
  <datafield tag="700" ind1=" " ind2=" ">
    <subfield code="a">Kembhavi, Ajit., ed.</subfield>
    <subfield code="9">26045</subfield>
  </datafield>
  <datafield tag="942" ind1=" " ind2=" ">
    <subfield code="c">BK</subfield>
  </datafield>
  <datafield tag="999" ind1=" " ind2=" ">
    <subfield code="c">14622</subfield>
    <subfield code="d">14622</subfield>
  </datafield>
  <datafield tag="952" ind1=" " ind2=" ">
    <subfield code="0">0</subfield>
    <subfield code="1">0</subfield>
    <subfield code="4">0</subfield>
    <subfield code="7">0</subfield>
    <subfield code="a">BAN</subfield>
    <subfield code="b">BAN</subfield>
    <subfield code="c">GEN</subfield>
    <subfield code="d">2002-05-07</subfield>
    <subfield code="e">GANESH</subfield>
    <subfield code="g">5930.65</subfield>
    <subfield code="l">0</subfield>
    <subfield code="o">52(082.1)/ ASS-244</subfield>
    <subfield code="p">15544</subfield>
    <subfield code="r">2021-11-05</subfield>
    <subfield code="v">5930.65</subfield>
    <subfield code="w">2002-05-07</subfield>
    <subfield code="y">BK</subfield>
    <subfield code="G">Rs. 5930.65  </subfield>
  </datafield>
</record>
